000 00873nam a22002777a 4500
999 _c127261
_d127261
003 dpl
005 20190207125859.0
008 180623b xxu||||| |||| 00| 0 eng d
010 _aB-159928
020 _a817341288
_c225.00
035 _aB-159928,B-159950, B-159932 , B-159935, B-159952, B-159952
037 _bCen Lib/Ret
040 _aDPL
_bEN
_c0
082 _a658.001
_bVIT
100 _aVittal, N.
_919943
245 _aVital management mantra /
_cby N.Vittal; edited by R.S.Narayan [and] Suresh Panje
250 _a2nd ed.
260 _aDelhi
_bIndian Publishers
_c2003
270 _a156-D, Kaml;a Nagar
_bDelhi
_e110007
300 _a298p.
_c19cm(pbk)
650 _aManagement
_93072
650 _aManagement Technology
_919944
700 _aNarayan R.S.
_9102060
700 _aPanje, Suresh
_919945
942 _2ddc
_cEN
_h658.001
_mVIT